Vysoké Tatry Lomnický štít 2634 m a Kežmarský štít 2556 m

Bibliographic Details
Format: Photo
Language:Slovak
Published: Bratislava Kriváň [s.a.]
Subjects:

MARC

LEADER 00000nkm a2200000 a 4500
001 vtls010692720
003 SK-MaSNL
005 20260302013709.0
007 kf bo
008 231206n xo g 00 kuslo
015 |a SNBG 
040 |a SNK  |b slo  |c SNK  |e AACR2 
041 0 |a slo 
043 |a e-xo--- 
044 |a xo  |c SK 
080 |a 913(437.6-191.2)  |2 2001 
080 |a (084.121)  |2 2001 
245 0 0 |a Vysoké Tatry  |h grafika  |b Lomnický štít 2634 m a Kežmarský štít 2556 m 
260 |a Bratislava  |b Kriváň  |c [s.a.] 
300 |a 1 pohľadnica  |b čiernobiela  |c 9 x 14 cm 
651 7 |a Vysoké Tatry (Poľsko a Slovensko : pohorie)  |2 SNKPHgeo  |9 67729 
655 7 |a miestne pohľadnice  |2 SNKPH  |9 70510 
958 |a GC 
958 |a GBN 
999 |c 1014021  |d 1015951 
952 |a SNK  |b SNK  |y PREZ  |7 0  |p 17A0700672  |o snkSP 2684  |0 0  |1 0  |4 0  |d 2015-07-15  |l 0  |r 2026-02-24 13:03:27  |w 2026-02-24